Поисковые аспекты изучения олова и ртути в подземных водах: обзор; Геохимические методы при поисках месторождений олова, вольфрама и ртути

Dettagli Bibliografici
Parent link:Геохимические методы при поисках месторождений олова, вольфрама и ртути.— 1975.— С. 189-190
Autore principale: Шварцев С. Л. Степан Львович
Lingua:russo
Pubblicazione: 1975
Soggetti:
Natura: MixedMaterials Capitolo di libro
KOHA link:https://koha.lib.tpu.ru/cgi-bin/koha/opac-detail.pl?biblionumber=151832

MARC

LEADER 00000naa2a2200000 4500
001 151832
005 20231031150838.0
035 |a (RuTPU)RU\TPU\book\164624 
035 |a RU\TPU\tpu\14029 
090 |a 151832 
100 |a 20090128d1975 k y0rusy50 ca 
101 0 |a rus 
102 |a RU 
200 1 |a Поисковые аспекты изучения олова и ртути в подземных водах  |e обзор  |f С. Л. Шварцев 
463 0 |0 (RuTPU)RU\TPU\book\114018  |t Геохимические методы при поисках месторождений олова, вольфрама и ртути  |f Дальневосточный научный центр АН СССР; Дальневосточный геологический институт; под ред. Н. И. Лаврика  |v С. 189-190  |d 1975  |p 247 с. 
610 1 |a труды учёных ТПУ 
700 1 |a Шварцев  |b С. Л.  |c российский гидрогеолог, доктор геолого-минералогических наук  |c профессор Томского политехнического университета, академик РАЕН  |f 1936-  |g Степан Львович  |2 stltpush  |3 (RuTPU)RU\TPU\pers\25914 
801 1 |a RU  |b 63413507  |c 20080304  |g PSBO 
801 2 |a RU  |b 63413507  |c 20100414  |g PSBO 
942 |c BK